Loading...
Science - Biology | 0 | 6 | 1 | 2 | 55 | 60 | 99.83 | 0 | 4 |
Literature - British Literature | 0 | 4 | 1 | 0 | 35 | 112 | 126.25 | 0 | 1 |
Science - Physics | 0 | 4 | 2 | 0 | 30 | 83 | 92.25 | 0 | 4 |
Science - Other Science | 0 | 3 | 0 | 1 | 30 | 66 | 92.67 | 0 | 1 |
Science - Chemistry | 0 | 4 | 2 | 2 | 30 | 54 | 87.50 | 2 | 3 |
History - American History | 0 | 3 | 0 | 0 | 30 | 96 | 116.67 | 0 | 3 |
Literature - World Literature | 0 | 3 | 0 | 1 | 30 | 92 | 114.33 | 0 | 0 |
Literature - American Literature | 0 | 3 | 1 | 0 | 25 | 124 | 141.00 | 0 | 0 |
History - Other History | 0 | 3 | 1 | 1 | 25 | 113 | 126.67 | 0 | 0 |
Social Science | 0 | 2 | 0 | 1 | 20 | 121 | 126.00 | 0 | 0 |
Fine Arts - Other Fine Arts | 0 | 2 | 0 | 0 | 20 | 130 | 136.50 | 0 | 0 |
Literature - European Literature | 0 | 3 | 2 | 0 | 20 | 118 | 132.00 | 0 | 3 |
Other | 0 | 1 | 0 | 0 | 10 | 108 | 108.00 | 0 | 1 |
Mythology | 0 | 1 | 0 | 0 | 10 | 133 | 133.00 | 0 | 0 |
Fine Arts - Classical Music | 0 | 1 | 0 | 1 | 10 | 129 | 129.00 | 0 | 1 |
History - European History | 0 | 1 | 1 | 0 | 5 | 117 | 117.00 | 0 | 0 |